[Event "chess.com SpeedChess Q1Sw"]
[Site "chess.com INT"]
[Date "2022.11.10"]
[Round "13"]
[White "Dubov, Daniil"]
[Black "Paravyan, David"]
[Result "1/2-1/2"]
[WhiteTitle "GM"]
[BlackTitle "GM"]
[WhiteElo "2708"]
[BlackElo "2586"]
[WhiteFideId "24126055"]
[BlackFideId "4194985"]
[EventDate "2022.11.10"]

1. d4 Nf6 2. Nf3 g6 3. c4 Bg7 4. Nc3 d5 5. cxd5 Nxd5 6. e4 Nxc3 7. bxc3 c5 8.
Bb5+ Bd7 9. Rb1 O-O 10. O-O Bg4 11. Be3 cxd4 12. cxd4 Nc6 13. d5 Ne5 14. Be2
Nxf3+ 15. Bxf3 Bxf3 16. Qxf3 Qd7 17. h4 h5 18. Rfc1 Rfc8 19. Qe2 1/2-1/2

[Event "chess.com SpeedChess Q1Sw"]
[Site "chess.com INT"]
[Date "2022.11.10"]
[Round "13"]
[White "Mamedov, Rauf"]
[Black "Martinez Alcantara, Jose Eduardo"]
[Result "1/2-1/2"]
[WhiteTitle "GM"]
[BlackTitle "GM"]
[WhiteElo "2646"]
[BlackElo "2597"]
[WhiteFideId "13401653"]
[BlackFideId "3805662"]
[EventDate "2022.11.10"]

1. e4 e5 2. Nf3 Nf6 3. Nxe5 d6 4. Nf3 Nxe4 5. d4 Be7 6. Bd3 Nf6 7. O-O O-O 8. c4
Bg4 9. h3 Bh5 10. Be3 d5 11. Nc3 Nc6 12. Re1 Nb4 13. Be2 Bxf3 14. Bxf3 dxc4 15.
Be2 Nd3 16. Bxd3 cxd3 17. Qxd3 c6 18. Bg5 h6 19. Bh4 Nd5 20. Bxe7 Nxe7 21. Rad1
Nd5 22. Qf3 Nxc3 23. bxc3 Qd7 24. d5 cxd5 25. Rxd5 Qc7 26. Rde5 Rad8 1/2-1/2

[Event "chess.com SpeedChess Q1Sw"]
[Site "chess.com INT"]
[Date "2022.11.10"]
[Round "13"]
[White "Alekseenko, Kirill"]
[Black "Bluebaum, Matthias"]
[Result "0-1"]
[WhiteTitle "GM"]
[BlackTitle "GM"]
[WhiteElo "2687"]
[BlackElo "2651"]
[WhiteFideId "4135539"]
[BlackFideId "24651516"]
[EventDate "2022.11.10"]

1. e4 e6 2. d4 d5 3. e5 c5 4. c3 Nc6 5. Nf3 Nge7 6. Be2 Nf5 7. O-O cxd4 8. cxd4
Qb6 9. Nc3 Nfxd4 10. Nxd4 Qxd4 11. Bd3 a6 12. Be3 Qxe5 13. Re1 Be7 14. Bc5 Qf6
15. Qg4 Bxc5 16. Nxd5 Qxf2+ 17. Kh1 O-O 18. Rf1 exd5 19. Bxh7+ Kxh7 20. Qh5+ Kg8
21. Rxf2 Bxf2 22. Rf1 Bd4 23. Rf4 g6 24. Qh6 Bg7 25. Qg5 Re8 26. h4 Re1+ 27. Kh2
Be5 28. h5 Re4 29. g3 Re2+ 30. Kg1 Bxf4 31. Qxf4 Re4 32. Qf6 gxh5 33. Qg5+ Kf8
34. Qd8+ Nxd8 0-1

[Event "chess.com SpeedChess Q1Sw"]
[Site "chess.com INT"]
[Date "2022.11.10"]
[Round "13"]
[White "Garv, Gaur"]
[Black "Klukin, Kirill"]
[Result "0-1"]
[WhiteTitle "CM"]
[BlackTitle "IM"]
[WhiteElo "1973"]
[BlackElo "2390"]
[WhiteFideId "45030839"]
[BlackFideId "24199273"]
[EventDate "2022.11.10"]

1. d4 Nf6 2. Nf3 e6 3. c4 Nc6 4. g3 Bb4+ 5. Bd2 Qe7 6. Nc3 Bxc3 7. Bxc3 Ne4 8.
Rc1 Nxc3 9. Rxc3 O-O 10. Bg2 d6 11. d5 Nb8 12. O-O a5 13. Re3 e5 14. c5 Na6 15.
cxd6 cxd6 16. Nd4 Qf6 17. Nb5 Bd7 18. Nc3 Nc5 19. f4 Qh6 20. Qc1 exf4 21. Rxf4
Rae8 22. Rxe8 Rxe8 23. e4 Qg5 24. Qf1 Re7 25. Qf3 Qe5 26. h4 Qd4+ 27. Qf2 Qe5
28. Qd2 b5 29. Ne2 h6 30. Nd4 g5 31. hxg5 hxg5 32. Rf2 Qxg3 33. Nf5 Bxf5 34.
Rxf5 Nxe4 35. Qe2 Kf8 36. Rf3 Qe5 37. Re3 Ng3 38. Rxe5 Nxe2+ 39. Rxe2 Rxe2 0-1

[Event "chess.com SpeedChess Q1Sw"]
[Site "chess.com INT"]
[Date "2022.11.10"]
[Round "13"]
[White "Predke, Alexandr"]
[Black "Svane, Frederik"]
[Result "1-0"]
[WhiteTitle "GM"]
[BlackTitle "GM"]
[WhiteElo "2684"]
[BlackElo "2568"]
[WhiteFideId "24107581"]
[BlackFideId "12923044"]
[EventDate "2022.11.10"]

1. Nf3 d5 2. g3 Nd7 3. d4 Nb6 4. Bg2 Bf5 5. a4 a5 6. b3 e6 7. Nh4 h5 8. Nxf5
exf5 9. Qd3 g6 10. Nc3 h4 11. Bd2 c6 12. O-O-O Ba3+ 13. Kb1 Qe7 14. Rhe1 O-O-O
15. g4 fxg4 16. e4 dxe4 17. Bxe4 Qd7 18. d5 cxd5 19. Nxd5 Nxd5 20. Bxd5 Qxd5 21.
Qc3+ Bc5 22. Qxh8 Bd4 23. Qxh4 Qf5 24. Bc3 Bb6 25. Rxd8+ Bxd8 26. Re8 Ne7 27.
Qxe7 1-0

[Event "chess.com SpeedChess Q1Sw"]
[Site "chess.com INT"]
[Date "2022.11.10"]
[Round "13"]
[White "Aaditya, Dhingra"]
[Black "Baskakov, Egor"]
[Result "1/2-1/2"]
[WhiteTitle "CM"]
[BlackTitle "CM"]
[WhiteElo "2172"]
[BlackElo "2215"]
[WhiteFideId "25678191"]
[BlackFideId "24197866"]
[EventDate "2022.11.10"]

1. e4 c5 2. Nf3 Nf6 3. e5 Nd5 4. Nc3 e6 5. Nxd5 exd5 6. d4 Nc6 7. dxc5 Bxc5 8.
Qxd5 d6 9. exd6 Qb6 10. Qe4+ Be6 11. Qh4 f6 12. Bd3 O-O-O 13. O-O h5 14. Qe4 Bg4
15. Nd2 Ne5 16. Nc4 Nxc4 17. Qxc4 Kb8 18. a4 g5 19. a5 Qxd6 20. Be3 Bxe3 21.
fxe3 Qe5 22. a6 Qxe3+ 23. Kh1 Bc8 24. Rxf6 Rhe8 25. Rf7 Re7 26. Raf1 h4 27. Rxe7
Qxe7 28. h3 bxa6 29. Rf7 Qe1+ 30. Kh2 Qg3+ 31. Kh1 Qe1+ 32. Kh2 Qg3+ 33. Kh1
Qe1+ 1/2-1/2

[Event "chess.com SpeedChess Q1Sw"]
[Site "chess.com INT"]
[Date "2022.11.10"]
[Round "13"]
[White "Koziorowicz, Michal"]
[Black "Pakleza, Zbigniew"]
[Result "0-1"]
[WhiteTitle "FM"]
[BlackTitle "GM"]
[WhiteElo "2296"]
[BlackElo "2496"]
[WhiteFideId "21809194"]
[BlackFideId "1119290"]
[EventDate "2022.11.10"]

1. e4 d6 2. d4 Nf6 3. Nc3 c6 4. Nf3 Bg4 5. Be2 e6 6. O-O d5 7. e5 Nfd7 8. Be3 c5
9. dxc5 Nc6 10. Nb5 Nxc5 11. Nfd4 Bxe2 12. Qxe2 Be7 13. c4 O-O 14. cxd5 Qxd5 15.
Nc7 Nxd4 16. Qg4 Qxe5 17. Nxa8 Nf5 18. Bf4 Qxb2 19. Nc7 a6 20. Rfd1 Rc8 21. Qf3
Nd4 22. Qg4 h5 23. Rab1 Ne2+ 24. Kh1 hxg4 0-1

[Event "chess.com SpeedChess Q1Sw"]
[Site "chess.com INT"]
[Date "2022.11.10"]
[Round "13"]
[White "Durarbayli, Vasif"]
[Black "Li, Ruifeng"]
[Result "1/2-1/2"]
[WhiteTitle "GM"]
[BlackTitle "GM"]
[WhiteElo "2612"]
[BlackElo "2541"]
[WhiteFideId "13402935"]
[BlackFideId "2061074"]
[EventDate "2022.11.10"]

1. e4 d6 2. d4 Nf6 3. Nc3 Nc6 4. d5 Nb8 5. Be3 c6 6. h3 g6 7. Nf3 Bg7 8. Qd2 Qa5
9. a3 O-O 10. Be2 a6 11. O-O Qc7 12. Rfe1 b5 13. Bh6 Bb7 14. Rad1 Nbd7 15. Bf1
Rfe8 16. dxc6 Bxc6 17. Nd5 Qb7 18. Bxg7 Kxg7 19. Re3 Bxd5 20. exd5 Nb6 21. Rd3
Rac8 22. b3 Rc5 23. c4 bxc4 24. bxc4 Nxc4 25. Qg5 Qb2 26. Rd4 h6 27. Qg3 Nxa3
28. Nh4 Rc3 29. Bd3 Nh5 30. Qg4 Nf6 31. Qg3 Nh5 32. Qg4 Nf6 33. Qg3 1/2-1/2

[Event "chess.com SpeedChess Q1Sw"]
[Site "chess.com INT"]
[Date "2022.11.10"]
[Round "13"]
[White "Deac, Bogdan-Daniel"]
[Black "Pranav, V"]
[Result "0-1"]
[WhiteTitle "GM"]
[BlackTitle "IM"]
[WhiteElo "2700"]
[BlackElo "2548"]
[WhiteFideId "1226380"]
[BlackFideId "25060783"]
[EventDate "2022.11.10"]

1. e4 e5 2. Nf3 Nc6 3. Bc4 Nf6 4. d3 h6 5. Nc3 g6 6. a4 Bg7 7. a5 a6 8. O-O d6
9. Re1 O-O 10. h3 Be6 11. Bd2 Bxc4 12. dxc4 Nd7 13. Nd5 f5 14. b4 Ne7 15. Bc3
fxe4 16. Rxe4 Nf5 17. Bd2 c6 18. Nc3 Nf6 19. Re1 Qd7 20. Ra3 Rae8 21. Bc1 e4 22.
Nh2 Qf7 23. Ng4 Qxc4 24. Ne2 Nd5 25. Rb3 Rf7 26. Ne3 Nfxe3 27. Bxe3 Ref8 28. Nd4
Nxe3 29. fxe3 Rf2 30. Ne2 R2f6 31. Nd4 h5 32. Rb1 R6f7 33. Rb3 Be5 34. Qc1 Bg3
35. Rd1 Rf2 36. b5 axb5 37. a6 bxa6 38. Qa1 Qf7 39. Kh1 Rf1+ 0-1

[Event "chess.com SpeedChess Q1Sw"]
[Site "chess.com INT"]
[Date "2022.11.10"]
[Round "13"]
[White "Ibarra Jerez, Jose Carlos"]
[Black "Firat, Burak"]
[Result "1-0"]
[WhiteTitle "GM"]
[BlackTitle "GM"]
[WhiteElo "2557"]
[BlackElo "2460"]
[WhiteFideId "2226332"]
[BlackFideId "6305881"]
[EventDate "2022.11.10"]

1. d4 Nf6 2. Nc3 d5 3. Bf4 a6 4. e3 e6 5. g4 c5 6. g5 Nfd7 7. Qg4 Nc6 8. O-O-O
Qa5 9. Kb1 b5 10. Bg2 Bb7 11. Nge2 b4 12. Nxd5 exd5 13. Bxd5 O-O-O 14. Bxf7 c4
15. Bxc4 h5 16. Qe6 Ne7 17. e4 Qb6 18. Qxb6 Nxb6 19. Be6+ Nd7 20. d5 Ng6 21. Be3
Bd6 22. f4 Kc7 23. Bf7 Nh4 24. Nd4 Nc5 25. e5 Bf8 26. d6+ Bxd6 27. exd6+ Rxd6
28. Nb5+ axb5 29. Bxc5 1-0

[Event "chess.com SpeedChess Q1Sw"]
[Site "chess.com INT"]
[Date "2022.11.10"]
[Round "13"]
[White "Aditya, Mittal"]
[Black "Kopylov, Alexander A."]
[Result "1-0"]
[WhiteTitle "IM"]
[BlackTitle "IM"]
[WhiteElo "2486"]
[BlackElo "2397"]
[WhiteFideId "35042025"]
[BlackFideId "4164857"]
[EventDate "2022.11.10"]

1. d4 Nf6 2. c4 e6 3. Nf3 d5 4. Nc3 Bb4 5. Bg5 h6 6. Bxf6 Qxf6 7. e3 O-O 8. Rc1
c6 9. a3 Be7 10. h4 Rd8 11. g4 g6 12. g5 hxg5 13. hxg5 Qg7 14. Bd3 Nd7 15. e4
dxc4 16. Bxc4 e5 17. Qb3 Rf8 18. Ne2 b5 19. Bd3 Bb7 20. Nxe5 Nxe5 21. dxe5 Qxe5
22. f4 Qg7 23. Bb1 Rad8 24. Rc3 c5 25. Rch3 a6 26. Qc3 f6 27. Ba2+ c4 28. Bxc4+
bxc4 29. Qxc4+ Bd5 30. exd5 Bd6 31. Nd4 fxg5 32. Ne6 Rde8 33. Rh8+ 1-0

[Event "chess.com SpeedChess Q1Sw"]
[Site "chess.com INT"]
[Date "2022.11.10"]
[Round "13"]
[White "Shimanov, Aleksandr"]
[Black "Kamsky, Gata"]
[Result "0-1"]
[WhiteTitle "GM"]
[BlackTitle "GM"]
[WhiteElo "2581"]
[BlackElo "2666"]
[WhiteFideId "4198603"]
[BlackFideId "2000024"]
[EventDate "2022.11.10"]

1. e4 c6 2. d4 d5 3. Nc3 g6 4. h3 Bg7 5. Nf3 dxe4 6. Nxe4 Nd7 7. Bc4 Ndf6 8.
Neg5 Nd5 9. Ne5 Nh6 10. Ngf3 Nf5 11. c3 e6 12. O-O O-O 13. Re1 a5 14. a4 Qc7 15.
Nd3 b6 16. Qe2 Nd6 17. Bb3 Ba6 18. Qc2 c5 19. dxc5 bxc5 20. Bxd5 exd5 21. Bf4
Qb6 22. Rad1 Ne4 23. Be5 f6 24. Bh2 Rad8 25. Nf4 Bc4 26. Nd2 Nxd2 27. Qxd2 Bh6
28. Nxd5 Bxd2 29. Nxb6 Bxe1 30. Rxe1 Bb3 31. Bf4 Rfe8 32. Rxe8+ Rxe8 33. Be3 c4
34. Kf1 Kf7 35. Ke2 Ke6 36. Bd4 Rb8 37. Kd2 Kd6 38. Be3 Kc6 39. Bd4 Rxb6 0-1

[Event "chess.com SpeedChess Q1Sw"]
[Site "chess.com INT"]
[Date "2022.11.10"]
[Round "13"]
[White "Deev, Andrei"]
[Black "Viana Da Costa, Fernando"]
[Result "1-0"]
[WhiteTitle "IM"]
[BlackTitle "FM"]
[WhiteElo "2390"]
[BlackElo "2241"]
[WhiteFideId "4102690"]
[BlackFideId "2111900"]
[EventDate "2022.11.10"]

1. e4 c5 2. Nf3 Nc6 3. c3 Nf6 4. e5 Nd5 5. d4 cxd4 6. cxd4 d6 7. Nc3 Nxc3 8.
bxc3 e6 9. Bf4 Be7 10. Bd3 O-O 11. Qc2 h6 12. Qe2 d5 13. Bc2 f5 14. exf6 Rxf6
15. Bg3 Bd6 16. Qd3 Bxg3 17. hxg3 Kf7 18. g4 Ke7 19. g5 hxg5 20. Nxg5 Kd6 21.
Qg3+ Kd7 22. Nf3 Qf8 23. Rh7 Rf7 24. Ba4 Ke8 25. Ne5 Bd7 26. Nxf7 Kxf7 27. Bc2
Kg8 28. Qh3 1-0

[Event "chess.com SpeedChess Q1Sw"]
[Site "chess.com INT"]
[Date "2022.11.10"]
[Round "13"]
[White "Pranav, Anand"]
[Black "Vantika, Agrawal"]
[Result "1-0"]
[WhiteTitle "IM"]
[BlackTitle "WGM"]
[WhiteElo "2502"]
[BlackElo "2362"]
[WhiteFideId "46626786"]
[BlackFideId "25050389"]
[EventDate "2022.11.10"]

1. e4 c5 2. Nf3 d6 3. Bb5+ Nd7 4. a4 Nf6 5. Nc3 g6 6. O-O Bg7 7. Re1 O-O 8. Bf1
a6 9. d4 cxd4 10. Nxd4 Nc5 11. f3 e5 12. Nb3 Be6 13. Nxc5 dxc5 14. Qxd8 Rfxd8
15. Be3 c4 16. a5 Rac8 17. Na4 Nd7 18. Red1 Bf8 19. c3 f6 20. Rd2 Re8 21. Rad1
Nc5 22. Nb6 Nb3 23. Rd7 Bxd7 24. Rxd7 Nxa5 25. Rd5 Nc6 26. Bxc4 Kh8 27. Nxc8
Rxc8 28. Ba2 Rd8 29. Kf2 Kg7 30. Bb6 Rxd5 31. Bxd5 f5 32. Be6 fxe4 33. fxe4 Kf6
34. Bc8 Nb8 35. Kf3 Bd6 36. Bxb7 Nd7 37. Be3 a5 38. Bc6 Nc5 39. Ke2 Nb3 40. Kd3
h5 41. Kc4 1-0

[Event "chess.com SpeedChess Q1Sw"]
[Site "chess.com INT"]
[Date "2022.11.10"]
[Round "13"]
[White "Tan, Zhongyi"]
[Black "Odegov, Artem"]
[Result "1-0"]
[WhiteTitle "GM"]
[BlackTitle "FM"]
[WhiteElo "2514"]
[BlackElo "2286"]
[WhiteFideId "8603642"]
[BlackFideId "34183644"]
[EventDate "2022.11.10"]

1. d4 d5 2. c4 e6 3. Nc3 c5 4. cxd5 exd5 5. Nf3 Nc6 6. dxc5 d4 7. Na4 Nf6 8. e3
dxe3 9. Qxd8+ Nxd8 10. Bxe3 Bd7 11. Nc3 Ne6 12. Ne5 Bxc5 13. Nxd7 Nxd7 14. Bd2
O-O 15. Ne4 Bd4 16. Bc4 Rfe8 17. O-O Rac8 18. Nd6 Ne5 19. Bxe6 fxe6 20. Nxe8
Rxe8 21. Bc3 Nc6 22. Rad1 e5 23. Bxd4 exd4 24. Rfe1 Rf8 25. f3 Rf5 26. Re8+ Kf7
27. Rc8 Rb5 28. Rc7+ Kf6 29. b3 a5 30. Re1 a4 31. bxa4 Rb4 32. Rd7 Rxa4 33. Rxb7
Rxa2 34. Rc1 Ne5 35. Rb6+ Kf5 36. Rc5 d3 37. Rd6 d2 38. Rcd5 Ra5 39. Rxa5 1-0

[Event "chess.com SpeedChess Q1Sw"]
[Site "chess.com INT"]
[Date "2022.11.10"]
[Round "13"]
[White "Lewtak, Damian"]
[Black "Ahn, Hongjin"]
[Result "1-0"]
[WhiteTitle "IM"]
[BlackTitle "IM"]
[WhiteElo "2385"]
[BlackElo "2282"]
[WhiteFideId "1141724"]
[BlackFideId "13201492"]
[EventDate "2022.11.10"]

1. e4 Nc6 2. Nf3 d6 3. d4 Nf6 4. d5 Nb8 5. c3 g6 6. Bd3 Bg7 7. O-O O-O 8. h3 c6
9. Re1 b5 10. dxc6 a6 11. a4 bxa4 12. Qxa4 Qc7 13. Bb5 h6 14. Nbd2 Be6 15. Nf1
Rc8 16. Nd4 Kh7 17. Qa3 Rf8 18. Ba4 Bc8 19. Ng3 e5 20. Nc2 Nxc6 21. Bxc6 Qxc6
22. Nb4 Qb7 23. c4 Be6 24. Nd5 Rfd8 25. Be3 h5 26. f3 h4 27. Ne2 Nh5 28. Nec3 f5
29. Bg5 Rd7 30. Bxh4 fxe4 31. fxe4 Rf8 32. Kh2 Nf4 33. Rf1 Qb8 34. b4 Rdf7 35.
Qxa6 Nxd5 36. cxd5 Rxf1 37. Rxf1 Rxf1 38. Qxf1 Bd7 39. b5 Qb6 40. Bf2 Qa5 41.
Qc4 Bh6 42. b6 Bf4+ 43. g3 Bd2 44. b7 Qd8 45. Ba7 Bxc3 46. b8=Q 1-0

[Event "chess.com SpeedChess Q1Sw"]
[Site "chess.com INT"]
[Date "2022.11.10"]
[Round "13"]
[White "Czerw, Dawid"]
[Black "Szente Varga, Fruzsina"]
[Result "1-0"]
[WhiteTitle "FM"]
[BlackTitle "WFM"]
[WhiteElo "2373"]
[BlackElo "2075"]
[WhiteFideId "1145746"]
[BlackFideId "712264"]
[EventDate "2022.11.10"]

1. d4 Nf6 2. c4 g6 3. Nc3 Bg7 4. e4 d6 5. f4 O-O 6. Nf3 c5 7. d5 e6 8. Be2 exd5
9. cxd5 Re8 10. e5 dxe5 11. fxe5 Ng4 12. e6 fxe6 13. d6 Nc6 14. O-O Nd4 15. Ne4
b6 16. Nxd4 Bxd4+ 17. Kh1 Nxh2 18. Bg5 Nxf1 19. Bxd8 Ne3 20. Qa4 Rxd8 21. Bf3
Bb7 22. Re1 Nf5 23. d7 a5 24. Nf6+ Bxf6 25. Bxb7 Ra7 26. Qc6 Nd4 27. Qxb6 Rxb7
28. Qxb7 Kf7 29. Qc7 Nf5 30. Rd1 Bd4 31. Qxd8 Ng3+ 32. Kh2 Ne2 33. Qe8+ Kg7 34.
d8=Q Be5+ 35. g3 Nxg3 36. Qf8# 1-0

[Event "chess.com SpeedChess Q1Sw"]
[Site "chess.com INT"]
[Date "2022.11.10"]
[Round "13"]
[White "Goltseva, Ekaterina"]
[Black "Borgaonkar, Akshay"]
[Result "1-0"]
[WhiteTitle "FM"]
[BlackTitle "CM"]
[WhiteElo "2265"]
[BlackElo "2135"]
[WhiteFideId "24173770"]
[BlackFideId "25639110"]
[EventDate "2022.11.10"]

1. d4 Nf6 2. c4 g6 3. Nc3 Bg7 4. e4 O-O 5. Nge2 d6 6. Ng3 e5 7. d5 Na6 8. Be2
Nc5 9. h4 h5 10. Bg5 a5 11. Bxh5 gxh5 12. Nxh5 Ncd7 13. Qf3 Kh7 14. Rh3 Rg8 15.
Rg3 b6 16. Ke2 Ba6 17. b3 a4 18. Qf5+ Kh8 19. Rh1 axb3 20. axb3 Bc8 21. Qf3 Kh7
22. Kd3 Nc5+ 23. Kc2 Ncd7 24. Be3 Nc5 25. Rxg7+ Rxg7 26. Nxf6+ Kg6 27. h5# 1-0

[Event "chess.com SpeedChess Q1Sw"]
[Site "chess.com INT"]
[Date "2022.11.10"]
[Round "13"]
[White "Vokhidov, Shamsiddin"]
[Black "Naroditsky, Daniel"]
[Result "0-1"]
[WhiteTitle "GM"]
[BlackTitle "GM"]
[WhiteElo "2568"]
[BlackElo "2617"]
[WhiteFideId "14204223"]
[BlackFideId "2026961"]
[EventDate "2022.11.10"]

1. e4 c6 2. Nc3 d5 3. Nf3 dxe4 4. Nxe4 Nf6 5. Qe2 Nxe4 6. Qxe4 Nd7 7. Bc4 Nf6 8.
Ne5 e6 9. Qe2 b5 10. Bd3 Bb7 11. a4 a6 12. b3 Bc5 13. Bb2 Bd4 14. Bxd4 Qxd4 15.
O-O O-O 16. Rfe1 Rad8 17. Qe3 Qd5 18. c4 Qd6 19. axb5 cxb5 20. f3 Nd7 21. Nxd7
Rxd7 22. Bf1 bxc4 23. Bxc4 g6 24. Ra2 Rfd8 25. Rea1 Qb4 26. d3 Rd6 27. h3 Qc3
28. Ra5 Qf6 29. Qe5 Qxe5 30. Rxe5 Rb6 31. Rea5 Rdd6 32. Kf2 Kf8 33. h4 Ke7 34.
h5 Kf6 35. g4 g5 36. Ke3 h6 37. Rc5 Bd5 38. Ra3 Bb7 39. Rc7 Rdc6 40. Rd7 Rd6 41.
Rc7 Rdc6 42. Rd7 Rd6 43. Rxd6 Rxd6 44. Ra5 Ke7 45. Rc5 Kd7 46. b4 Rb6 47. Ra5
Kc6 48. Rc5+ Kd6 49. Ra5 Rxb4 50. Bxa6 Bd5 51. Ra3 Rf4 52. Bc4 Bxf3 53. Ra6+ Ke7
54. Ra7+ Kf6 0-1

[Event "chess.com SpeedChess Q1Sw"]
[Site "chess.com INT"]
[Date "2022.11.10"]
[Round "13"]
[White "Harsh, Suresh"]
[Black "Nguyen Hong Nhung"]
[Result "0-1"]
[WhiteTitle "FM"]
[BlackTitle "WFM"]
[WhiteElo "2280"]
[BlackElo "2003"]
[WhiteFideId "45018464"]
[BlackFideId "12412201"]
[EventDate "2022.11.10"]

1. Nf3 f5 2. d4 Nf6 3. c4 g6 4. e3 Bg7 5. Bd3 O-O 6. O-O d6 7. b4 Qe8 8. Bb2 e5
9. dxe5 Ng4 10. h3 Nxe5 11. Nxe5 dxe5 12. Nd2 Nc6 13. a3 Be6 14. Qe2 Rd8 15. Bc2
Qf7 16. Rad1 e4 17. Bc1 Ne5 18. Bb3 b5 19. Bb2 Nxc4 20. Bxg7 Kxg7 21. Nb1 Nd6
22. Bxe6 Qxe6 23. Nc3 c6 24. a4 a6 25. Qb2 Qf6 26. Qb3 Nc4 27. Rfe1 Rd3 28. Rxd3
exd3 29. Rd1 Rd8 30. axb5 axb5 31. Nb1 d2 32. Qc2 Qd6 33. Qc3+ Kh6 34. Kf1 f4
35. exf4 Qxf4 36. g3 Qf5 37. Kg2 Rd3 38. Qc2 Rxg3+ 0-1

[Event "chess.com SpeedChess Q1Sw"]
[Site "chess.com INT"]
[Date "2022.11.10"]
[Round "13"]
[White "Zhigalko, Sergei"]
[Black "Pichot, Alan"]
[Result "1-0"]
[WhiteTitle "GM"]
[BlackTitle "GM"]
[WhiteElo "2572"]
[BlackElo "2637"]
[WhiteFideId "13502956"]
[BlackFideId "110973"]
[EventDate "2022.11.10"]

1. e4 e5 2. Nf3 Nc6 3. Bb5 a6 4. Ba4 Nf6 5. O-O b5 6. Bb3 Bb7 7. d3 Be7 8. Re1
O-O 9. Nbd2 d6 10. a3 Qd7 11. Nf1 Nd8 12. Ng3 Ne6 13. Nf5 Bd8 14. h3 c5 15. Ba2
Bb6 16. Be3 Rfe8 17. c3 Rad8 18. a4 Qc7 19. axb5 axb5 20. Bg5 Nxg5 21. Nxg5 d5
22. exd5 Bxd5 23. Bxd5 Rxd5 24. Qf3 Qd7 25. Ne4 Nxe4 26. dxe4 Rd2 27. Red1 Rd8
28. Rxd2 Qxd2 29. Qg3 g6 30. Ne7+ Kf8 31. Nd5 Qxb2 32. Ra6 Rxd5 33. exd5 Bc7 34.
d6 Bd8 35. Qxe5 f6 36. Qe3 Qb1+ 37. Kh2 Qd1 38. Qxc5 Qd2 39. Ra8 Qf4+ 40. g3 1-0

[Event "chess.com SpeedChess Q1Sw"]
[Site "chess.com INT"]
[Date "2022.11.10"]
[Round "13"]
[White "Harshavardhan, G B"]
[Black "Mikhailov, Viacheslav"]
[Result "0-1"]
[WhiteTitle "IM"]
[BlackTitle "IM"]
[WhiteElo "2426"]
[BlackElo "2428"]
[WhiteFideId "25059009"]
[BlackFideId "4187369"]
[EventDate "2022.11.10"]

1. d4 c5 2. d5 e5 3. e4 d6 4. Nc3 a6 5. f4 exf4 6. Bxf4 Ne7 7. Nf3 Ng6 8. Bg3
Bg4 9. a4 Be7 10. Be2 Bxf3 11. Bxf3 Bh4 12. Bxh4 Qxh4+ 13. g3 Qg5 14. O-O Nd7
15. Bg2 O-O 16. Rf5 Qe3+ 17. Kh1 Nde5 18. Qf1 Rae8 19. Re1 Qd4 20. h4 Ng4 21.
Qe2 N6e5 22. Bh3 g6 23. Rf4 h5 24. Kg2 Qb4 25. Rb1 Qc4 26. Bxg4 Nxg4 27. Qxc4
Ne3+ 28. Kf2 Nxc4 29. b4 Na3 30. Rb3 cxb4 31. Rxb4 Rc8 32. Ne2 Rxc2 33. Rxb7 Ra2
34. Ra7 Nc4 35. Kf3 Ne5+ 36. Ke3 Rb8 37. Nd4 Ra3+ 38. Kf2 Rb2+ 39. Kg1 Rxg3+ 40.
Kh1 Ng4 41. Nf3 Rb1+ 0-1

[Event "chess.com SpeedChess Q1Sw"]
[Site "chess.com INT"]
[Date "2022.11.10"]
[Round "13"]
[White "Bartel, Mateusz"]
[Black "Leiva, Gianmarco"]
[Result "0-1"]
[WhiteTitle "GM"]
[BlackTitle "IM"]
[WhiteElo "2627"]
[BlackElo "2366"]
[WhiteFideId "1112635"]
[BlackFideId "3804399"]
[EventDate "2022.11.10"]

1. f4 d5 2. Nf3 c6 3. g3 Bf5 4. Bg2 Qb6 5. Nc3 Nf6 6. d4 e6 7. O-O Bb4 8. Nh4
Nbd7 9. Na4 Qc7 10. a3 Bd6 11. b3 Be4 12. Nf3 b5 13. Nb2 c5 14. Nd3 O-O 15. Bb2
Rfc8 16. c3 c4 17. Nde5 a5 18. b4 Nb6 19. Ng5 Bxg2 20. Kxg2 Rf8 21. Qc2 h6 22.
Ngf3 Ne4 23. Nd2 f5 24. Nxe4 dxe4 25. e3 Nd5 26. Kf2 Ra6 27. Rab1 axb4 28. axb4
Rfa8 29. Ra1 Ra2 30. Rxa2 Rxa2 31. Ra1 Rxa1 32. Bxa1 Qa7 33. Bb2 Bxe5 34. fxe5
Qa2 35. Ke2 g5 36. Kf2 Kg7 37. h4 Kg6 38. hxg5 hxg5 39. Ke2 Nb6 40. Kd2 Na4 41.
Bc1 Qxc2+ 42. Kxc2 Nb6 43. Kd2 Nd5 44. Bb2 Kh5 45. Ke2 Kg4 46. Kf2 Kh3 47. Ba1
Ne7 48. Bb2 Nd5 49. Ba1 f4 50. exf4 gxf4 51. gxf4 Kg4 52. Bb2 Kxf4 53. Ke2 e3
54. Ba1 Ke4 55. Bb2 Nf4+ 56. Kd1 Kf3 57. Bc1 e2+ 58. Kd2 Nd3 0-1

[Event "chess.com SpeedChess Q1Sw"]
[Site "chess.com INT"]
[Date "2022.11.10"]
[Round "13"]
[White "Matinian, Nikita"]
[Black "Yuan, Qingyu"]
[Result "1-0"]
[WhiteTitle "GM"]
[WhiteElo "2425"]
[BlackElo "2373"]
[WhiteFideId "24129100"]
[BlackFideId "8609772"]
[EventDate "2022.11.10"]

1. e4 c6 2. d4 d5 3. e5 c5 4. Nf3 cxd4 5. Qxd4 Nc6 6. Qf4 e6 7. Bd3 Nb4 8. O-O
Nxd3 9. cxd3 Ne7 10. h4 h5 11. Nc3 Bd7 12. Bd2 Nf5 13. Ne2 Bb5 14. Ng3 Bxd3 15.
Nxf5 Bxf5 16. Nd4 Bg6 17. Qg3 Bc5 18. Nxe6 Qb6 19. Nxc5 Qxc5 20. Rac1 Qb6 21. e6
O-O 22. e7 Rfe8 23. Rc7 Qxb2 24. Bc3 Qxa2 25. f4 d4 26. Bxd4 Qd5 27. Ba1 Qf5 28.
Kh2 f6 29. Rd1 b5 30. Rdd7 a5 31. Qf3 Kh7 32. Rd5 Qb1 33. Bxf6 gxf6 34. f5 Bf7
35. Rd6 Qb2 36. Qg3 a4 37. Rd8 a3 38. Rxa8 Rxa8 39. e8=Q Qb3 40. Rxf7+ Qxf7 41.
Qxf7+ 1-0